000 01505nam a2200217Ia 4500
999 _c32946
_d32946
003 OSt
005 20210608220134.0
008 160316s2012 xxu||||| |||| 00| 0 eng d
020 _a9788175968950
040 _cn
082 _a327.100000
_bPAN
100 _aPant Harsh V
245 _aThe rise of China : Implications for India
260 _aNew Delhi
_bFoundation Books
_c2012
300 _a256p
_cxi
365 _b Rs. 795
505 _aSummary: The rise of China as an emerging power and as the most likely challenger to the global preponderance of the US is already having a significant impact across the globe. This phenomenon is being debated and analysed at various levels. In India too, it is generating a lot of excitement. On the one hand, it is considered to be an opportunity and on the other, a challenge. This book is an attempt at exploring the multi-dimensional nature of the rise of China and its implications for India. The contributors in this volume have examined various aspects of China's rise such as domestic developments, foreign policy agenda, and its position on issues related to India from an Indian perspective. The book will appeal to undergraduate and graduate students of International Relations across the world. Foreign policy experts, and anyone interested in China-India relations should also find the book to be of interest.
650 _a1. Foreign Relations - India - China 2. China - Politics & Government - 2002
700 _a
_a
942 _2ddc
_cBK